Porto - Choix multiples - Statistiques

Statistiques générales
  • Ce quiz a été pris 2 666 fois
  • Le résultat moyen est 7 sur 10
Statistiques - réponses
Question Réponse % Correct
Quel type d’alcool est le Porto ? Vin
91%
Quel nom porte les carreaux de faïences bleus et blancs que l'on trouve en nombre sur des façades et monuments de Porto ? Azulejos
84%
Quel fleuve traverse Porto ? Douro
77%
Quel célèbre ingénieur a participé à la conception du pont Maria Pia à Porto ? Gustave Eiffel
77%
Quel entraîneur portugais a remporté la Ligue des champions avec le FC Porto en 2004 ? José Mourinho
77%
Laquelle de ces photos représente la ville de Porto ?
73%
Qu’est-ce que la Francesinha, plat typique de Porto ? Un sandwich chaud avec viande, fromage et sauce
63%
Quelle saga littéraire se serait inspirée de la très décorée librairie Livraria Lello pour son univers ? Harry Potter
61%
Quelle fleur rose, très présente dans les rues et jardins de Porto, est emblématique de la ville ? Camélia
45%
Quel roi portugais né à Porto a joué un rôle clé dans les débuts des expéditions à destination du Nouveau Monde ? Henri le Navigateur
21%
Aucun quiz correspondant
Distribution des résultats
% des personnes avec chaque résultat
Percentile par nombre de réponses
Votre historique - résultats
Vous n’avez pas pris ce quiz